Statistics for New Zealand Members of Parliament 2020-2023

Click here to take the quiz!

General Stats

  • This quiz has been taken 5 times
  • The average score is 72 of 120

Answer Stats

electorateMP% Correct
listAndrew {Little}
80%
listAngela {Roberts}
80%
ManurewaArena {Williams}
80%
listAyesha {Verrall}
80%
Taranaki-King CountryBarbara {Kuriger}
80%
Auckland CentralChlöe {Swarbrick}
80%
BotanyChrisopher {Luxon}
80%
West Coast-TasmanDamien {O'Connor}
80%
listDamien {Smith}
80%
EpsomDavid {Seymour}
80%
Wellington CentralGrant {Robertson}
80%
OhariuGreg {O'Connor}
80%
listHelen {White}
80%
Mt AlbertJacinda {Ardern}
80%
listJames {Shaw}
80%
listJan {Tinnetti}
80%
PapakuraJudith {Collins}
80%
WairarapaKieran {McAnulty}
80%
East CoastKiri {Allan}
80%
listKris {Faafoi}
80%
listLouisa {Wall}
80%
listMarama {Davidson}
80%
WigramMegan {Woods}
80%
Mt RoskillMichael {Wood}
80%
Hauraki-WaikatoNanaia {Mahuta}
80%
listNick {Smith}
80%
RongotaiPaul {Eagle}
80%
Christchurch EastPoto {Williams}
80%
listShane {Reti}
80%
TaurangaSimon {Bridges}
80%
TamakiSimon {O'Connor}
80%
KaikouraStuart {Smith}
80%
listTamati {Coffey}
80%
Bay of PlentyTodd {Muller}
80%
listTrevor {Mallard}
80%
listWillie {Jackson}
80%
NorthlandWillow-Jean {Prime}
80%
Te Tai HauauruAdrian {Rurawhe}
60%
Port WaikatoAndrew {Bayly}
60%
TukitukiAnna {Lorck}
60%
MangereAupito William {Sio}
60%
listBrooke {van Velden}
60%
KelstonCarmel {Sepuloni}
60%
RemutakaChris {Hipkins}
60%
HelensvilleChris {Penk}
60%
listDavid {Bennett}
60%
DunedinDavid {Clark}
60%
listDavid {Parker}
60%
listDebbie {Ngarewa-Packer}
60%
Christchurch CentralDuncan {Webb}
60%
listEugenie {Sage}
60%
Hamilton WestGaurav {Sharma}
60%
listGerry {Brownlee}
60%
Hutt SouthGinny {Andersen}
60%
New PlymouthGlen {Bennett}
60%
listGolriz {Ghahraman}
60%
RangitikeiIan {McKelvie}
60%
listIbrahim {Omer}
60%
TaieriIngrid {Leary}
60%
WaitakiJacqui {Dean}
60%
Hamilton EastJamie {Strange}
60%
listJan {Logie}
60%
Panmure-OtahuhuJenny {Salesa}
60%
listJulie Anne {Genter}
60%
Te Tai TokerauKelvin {Davis}
60%
TaupoLouise {Upston}
60%
listMarja {Lubeck}
60%
WhangaparaoaMark {Mitchell}
60%
WaimakaririMatt {Doocey}
60%
listMaureen {Pugh}
60%
Ikaroa-RawhitiMeka {Whaitiri}
60%
listMelissa {Lee}
60%
listMichael {Woodhouse}
60%
listNaisi {Chen}
60%
listNicola {Willis}
60%
listNicole {McKee}
60%
listPaul {Goldsmith}
60%
Tamaki MakaurauPeeni {Henare}
60%
Te AtatuPhil {Twyford}
60%
NelsonRachel {Boyack}
60%
WaiarikiRawiri {Waititi}
60%
listRicardo {Menendez March}
60%
Te Tai TongaRino {Tirikatene}
60%
CoromandelScott {Simpson}
60%
NorthcoteShanan {Halbert}
60%
PakurangaSimeon {Brown}
60%
NapierStuart {Nash}
60%
Palmerston NorthTangi {Utikere}
60%
RotoruaTodd {McClay}
60%
Upper HarbourVanushi {Walters}
60%
listAngie {Warren-Clark}
40%
listCamilla {Belich}
40%
listChris {Bishop}
40%
New LynnDeborah {Russell}
40%
listElizabeth {Kerekere}
40%
WhangareiEmily {Henderson}
40%
East Coast BaysErica {Stanford}
40%
RangitataJo {Luxton}
40%
SouthlandJoseph {Mooney}
40%
listKaren {Chhour}
40%
TakaniniNeru {Leavasa}
40%
InvercargillPenny {Simmonds}
40%
MaungakiekiePriyanca
{Radhakrishnan}
40%
listRachel {Brooking}
40%
IlamSarah {Pallett}
40%
North ShoreSimon {Watts}
40%
WhanganuiSteph {Lewis}
40%
listTeanau {Tuiono}
40%
OtakiTerisa {Ngobi}
40%
WaikatoTim {van de Molen}
40%
listToni {Severin}
40%
listAnahila
{Kanongata'a-Suisuiki}
20%
ManaBarbara {Edmonds}
20%
listChris {Baillie}
20%
listJames {McDowall}
20%
listLiz {Craig}
20%
listMark {Cameron}
20%
SelwynNicola {Grigg}
20%
listSimon {Court}
20%
Banks PeninsulaTracey {McLellan}
20%

Score Distribution

Percentile by Number Answered

Percent of People with Each Score

Your Score History

You have not taken this quiz